Determinanty remitencií a ich vplyv na ekonomický rast

S rastom prepojenosti jednotlivých ekonomík svetového hospodárstva stúpajú objemy peňažných tokov prekračujúcich hranice. Historicky najdôležitejším typom týchto tokov boli príjmy z predaja tovarov a služieb do zahraničia, neskôr začali dôležitú úlohu hrať priame zahraničné a portfóliové investície...

Descrizione completa

Salvato in:
Dettagli Bibliografici
Autore principale: Dujava, Daniel
Altri autori: Kálovec, Marek
Natura: Capitolo di libro
Lingua:slovacco
Soggetti:
Tags: Aggiungi Tag
Nessun Tag, puoi essere il primo ad aggiungerne!!

MARC

LEADER 00000naa a2200000 4500
001 0258113
005 20240712111156.2
041 0 |a slo 
044 |a SK 
245 1 0 |a Determinanty remitencií a ich vplyv na ekonomický rast  |c Daniel Dujava, Marek Kálovec 
520 |a S rastom prepojenosti jednotlivých ekonomík svetového hospodárstva stúpajú objemy peňažných tokov prekračujúcich hranice. Historicky najdôležitejším typom týchto tokov boli príjmy z predaja tovarov a služieb do zahraničia, neskôr začali dôležitú úlohu hrať priame zahraničné a portfóliové investície a k týmto tradičným tokom sa v najmenej rozvinutých krajinách dlhodobo pripájala nezanedbateľná oficiálna rozvojová pomoc násobne prevyšujúca najmä hodnoty súkromných investícií plynúcich zo zahraničia. V posledných rokoch však pozornosť začína pútať iný typ finančného toku. Tým sú remitencie, t.j. finančné prostriedky plynúce zo zahraničia najmä rodinám migrantov pracujúcim mimo domácu ekonomiku. 
610 2 0 |a remitencie 
610 2 0 |a rast hospodársky 
610 2 0 |a krajiny rozvojové 
610 2 0 |a Európska únia 
100 1 |a Dujava, Daniel 
700 1 |a Kálovec, Marek